কোর্ট মার্শাল আমি মৃত্যুকে পরোয়া করি না (Record no. 74231)
[ view plain ]
| 000 -LEADER | |
|---|---|
| fixed length control field | 00950nam a2200241 a 4500 |
| 001 - CONTROL NUMBER | |
| control field | 74231 |
| 003 - CONTROL NUMBER IDENTIFIER | |
| rucl marc code | BD-RjUL |
| 005 - DATE AND TIME OF LATEST TRANSACTION | |
| control field | 20211209082521.0 |
| 008 - FIXED-LENGTH DATA ELEMENTS--GENERAL INFORMATION | |
| fixed length control field | 180410s2017 bg ||||| b||| 000 0 ben d |
| 020 ## - INTERNATIONAL STANDARD BOOK NUMBER | |
| International Standard Book Number | 97898492130009 |
| Terms of availability | Tk.350.00 |
| 035 ## - SYSTEM CONTROL NUMBER | |
| System control number | (BD-RjUL)74449 |
| 040 ## - CATALOGING SOURCE | |
| Original cataloging agency | BD-RjUL |
| Language of cataloging | eng |
| Transcribing agency | BD-RjUL |
| 041 ## - LANGUAGE CODE | |
| Language code of text/sound track or separate title | ben |
| 082 ## - DEWEY DECIMAL CLASSIFICATION NUMBER | |
| Edition number | 23 |
| Classification number | 320.9549205 |
| Author mark and year | SAC 2017 |
| 100 1# - MAIN ENTRY--PERSONAL NAME | |
| Personal name | সাইয়িদ, আবু |
| 9 (RLIN) | 221058 |
| 245 10 - TITLE STATEMENT | |
| Title | কোর্ট মার্শাল আমি মৃত্যুকে পরোয়া করি না |
| Statement of responsibility, etc. | আবু সাইয়িদ, |
| 260 ## - PUBLICATION, DISTRIBUTION, ETC. (IMPRINT) | |
| Place of publication, distribution, etc. | ঢাকা : |
| Name of publisher, distributor, etc. | সূচীপত্র , |
| Date of publication, distribution, etc. | ২০১৭ |
| 300 ## - PHYSICAL DESCRIPTION | |
| Pagination | ১৭৬ পৃ. ; |
| Size | ২২ সেমি. |
| 504 ## - BIBLIOGRAPHY, ETC. NOTE | |
| Bibliography, etc | গ্রন্থপঞ্জি সংযোজিত |
| 650 ## - SUBJECT ADDED ENTRY--TOPICAL TERM | |
| Geographic subdivision | বাংলাদেশ |
| Form subdivision | রাজনীতি এবং সরকার |
| 9 (RLIN) | 221059 |
| Geographic subdivision | Bangladesh |
| Form subdivision | politics and Government |
| 9 (RLIN) | 221060 |
| 942 ## - ADDED ENTRY ELEMENTS (KOHA) | |
| Source of classification or shelving scheme | Dewey Decimal Classification |
| Koha item type | Books |
| Lost status | Source of classification or shelving scheme | Damaged status | Not for loan | Collection code | Permanent Location | Current Location | Shelving location | Date acquired | Source of acquisition | Cost, normal purchase price | Total Checkouts | Full call number | Date last seen | Copy number | Koha item type |
|---|---|---|---|---|---|---|---|---|---|---|---|---|---|---|---|
| Dewey Decimal Classification | Not For Loan | Non-fiction | Central Library, University of Rajshahi | Central Library, University of Rajshahi | Reading Room | 05/04/2017 | Rajshahi Vidya Sagar | 350.00 | B 320.9549205 SAC 2017 | 10/04/2018 | C-1 | Books | |||
| Dewey Decimal Classification | Non-fiction | Central Library, University of Rajshahi | Central Library, University of Rajshahi | 05/04/2017 | Rajshahi Vidya Sagar | 350.00 | B 320.9549205 SAC 2017 | 10/04/2018 | C-2 | Books | |||||
| Dewey Decimal Classification | Non-fiction | Central Library, University of Rajshahi | Central Library, University of Rajshahi | 05/04/2017 | Rajshahi Vidya Sagar | 350.00 | B 320.9549205 SAC 2017 | 10/04/2018 | C-3 | Books |